Kto sú boží bojovníci

Militantné sunnitské hnutie za Islamský štát v Iraku a Levante. Medzinárodné spoločenstvo pripisuje hlavnú zodpovednosť za vývoj v Iraku Washingtonu. Vývoj situácie v Iraku po odchode amerických vojsk. Rozklad zvnútra.

Guardado en:
Detalles Bibliográficos
Autor principal: Pressburg, Adrian Peter
Formato: Capítulo de libro
Lenguaje:eslovaco
Materias:
Etiquetas: Agregar Etiqueta
Sin Etiquetas, Sea el primero en etiquetar este registro!

MARC

LEADER 00000naa a2200000 4500
001 0190357
005 20231113101426.2
041 0 |a slo 
044 |a SK 
245 1 0 |a Kto sú boží bojovníci  |c Adrian Peter Pressburg 
520 |a Militantné sunnitské hnutie za Islamský štát v Iraku a Levante. Medzinárodné spoločenstvo pripisuje hlavnú zodpovednosť za vývoj v Iraku Washingtonu. Vývoj situácie v Iraku po odchode amerických vojsk. Rozklad zvnútra. 
610 2 0 |a konflikty náboženské 
610 2 0 |a náboženstvo 
610 2 0 |a islam 
610 2 0 |a politika vnútorná 
610 2 0 |a politika zahraničná 
610 2 0 |a Irak 
100 1 |a Pressburg, Adrian Peter